[Event "ICS rated blitz match"]
[Site "204.178.125.65"]
[Date "1999.09.02"]
[Round "?"]
[White "Hossa"]
[Black "Isfen"]
[Result "1-0"]
[WhiteElo "2462"]
[BlackElo "2306"]
[PlyCount "67"]
[EventDate "1999.??.??"]

1. e4 e5 2. Nf3 d6 3. Bc4 Nd7 4. d4 c6 5. O-O Be7 6. Be3 Ngf6 7. Nbd2 O-O 8. c3
b5 9. Bd3 a5 10. Rc1 Qc7 11. a4 bxa4 12. Qxa4 Nb6 13. Qc2 Nbd7 14. Nc4 Re8 15.
Qa4 Bf8 16. dxe5 Nxe5 17. Nfxe5 dxe5 18. Rcd1 c5 19. Bg5 Bd7 20. Qa3 Be7 21. f3
a4 22. f4 exf4 23. Bxf4 Qb7 24. e5 Nd5 25. Be4 Bc6 26. Be3 Nxe3 27. Bxc6 Qxc6
28. Nxe3 Qe4 29. Nf5 Qxe5 30. Rde1 Qc7 31. Qa2 Bf8 32. Rxe8 Rxe8 33. Qxa4 g6
34. Qxe8 {Isfen resigns} 1-0

[Event "ICS rated blitz match"]
[Site "204.178.125.65"]
[Date "1999.09.02"]
[Round "?"]
[White "Hossa"]
[Black "Isfen"]
[Result "1-0"]
[WhiteElo "2480"]
[BlackElo "2288"]
[PlyCount "115"]
[EventDate "1999.??.??"]

1. e4 c6 2. d4 d6 3. Ne2 Nd7 4. Bg5 Qa5+ 5. Qd2 Qxd2+ 6. Nxd2 e5 7. dxe5 dxe5
8. O-O-O h6 9. Be3 Ngf6 10. f3 Bc5 11. Bxc5 Nxc5 12. Nc4 Ncd7 13. Nd6+ Ke7 14.
Nf5+ Kf8 15. Nc3 g6 16. Nd6 Kg7 17. Bc4 Rf8 18. Rd2 b5 19. Be2 Nc5 20. Rhd1 Be6
21. b4 Na6 22. a3 Nc7 23. Nb7 Rac8 24. Nc5 Rfe8 25. Rd6 Na8 26. Nxe6+ Rxe6 27.
Rxe6 fxe6 28. a4 a6 29. Rd6 Kf7 30. g3 Ke7 31. Rd3 Nb6 32. axb5 cxb5 33. Kb2
Nc4+ 34. Kb3 Nd7 35. Rd1 Ndb6 36. Bxc4 Nxc4 37. Rd3 Nb6 38. h4 Rc6 39. Rd2 Nc4
40. Rd1 Ne3 41. Ra1 Rd6 42. Rc1 Kd7 43. Re1 Nc4 44. Nb1 Kc7 45. Kc3 Kb6 46. Re2
Kc6 47. Nd2 Nb6 48. Rg2 Na4+ 49. Kb3 Kb6 50. c4 Rd3+ 51. Ka2 Nc3+ 52. Ka1 bxc4
53. Nxc4+ Kb5 54. Nxe5 Re3 55. Rc2 Kxb4 56. Rb2+ Ka3 57. Nc4+ Ka4 58. Nxe3 {
Isfen resigns} 1-0

[Event "ICS rated blitz match"]
[Site "204.178.125.65"]
[Date "1999.09.12"]
[Round "?"]
[White "Hossa"]
[Black "Isfen"]
[Result "1-0"]
[WhiteElo "2466"]
[BlackElo "2220"]
[PlyCount "51"]
[EventDate "1999.??.??"]

1. e4 e6 2. d4 d6 3. Bd3 Be7 4. Ne2 Nd7 5. O-O a6 6. c3 c5 7. Be3 b6 8. Nd2
Ngf6 9. b4 Qc7 10. bxc5 bxc5 11. Rb1 h6 12. Qa4 O-O 13. Rfc1 Ng4 14. Bf4 e5 15.
f3 exf4 16. fxg4 Nf6 17. Nxf4 Bxg4 18. Rf1 Rfe8 19. a3 Rab8 20. Rxb8 Rxb8 21.
Qxa6 cxd4 22. cxd4 Qc3 23. Qa7 Re8 24. Nb1 Qb2 25. Bc4 Nxe4 26. Bxf7+ {
Isfen resigns} 1-0

[Event "ICS rated blitz match"]
[Site "204.178.125.65"]
[Date "1999.09.26"]
[Round "?"]
[White "Hossa"]
[Black "Isfen"]
[Result "0-1"]
[WhiteElo "2495"]
[BlackElo "2205"]
[PlyCount "78"]
[EventDate "1999.??.??"]

1. e4 c5 2. c3 d5 3. exd5 Qxd5 4. d4 Nf6 5. Nf3 e6 6. Bd3 Nc6 7. O-O cxd4 8.
cxd4 Be7 9. Nc3 Qd8 10. Bg5 O-O 11. Rc1 b6 12. a3 Bb7 13. Qc2 h6 14. Be3 Rc8
15. Rfe1 a6 16. Qe2 b5 17. Ne4 Na5 18. Rxc8 Qxc8 19. Nxf6+ Bxf6 20. Ne5 Rd8 21.
Bb1 Bxe5 22. dxe5 Nc4 23. Bc1 Qc6 24. f4 g6 25. Kh1 h5 26. b3 Nb6 27. Be3 Nd5
28. Rd1 Kg7 29. Qb2 Nxe3 30. Rxd8 Nxg2 31. Rd6 Qf3 32. Kg1 Nxf4 33. Bf5 gxf5
34. h3 Ne2+ 35. Qxe2 Qxe2 36. Rd2 Qxd2 37. Kf1 Bf3 38. a4 Qe2+ 39. Kg1 39...
Qg2# {Hossa checkmated} 0-1

[Event "ICS rated blitz match"]
[Site "204.178.125.65"]
[Date "1999.09.18"]
[Round "?"]
[White "Hossa"]
[Black "Isfen"]
[Result "1-0"]
[WhiteElo "2482"]
[BlackElo "2281"]
[PlyCount "85"]
[EventDate "1999.??.??"]

1. d4 d5 2. c4 e6 3. Nc3 c6 4. e4 Nf6 5. Bg5 dxe4 6. Nxe4 Bb4+ 7. Nc3 h6 8.
Bxf6 Qxf6 9. a3 Bd6 10. Ne4 Qe7 11. Nxd6+ Qxd6 12. Nf3 O-O 13. Be2 Nd7 14. O-O
Rd8 15. b4 b6 16. Re1 Bb7 17. Qc2 Qc7 18. Bd3 c5 19. Bh7+ Kf8 20. Be4 Rac8 21.
Bxb7 Qxb7 22. bxc5 bxc5 23. Qh7 Nf6 24. Qh8+ Ng8 25. dxc5 Rxc5 26. Ne5 Qc7 27.
f4 Rd2 28. Rad1 Qd6 29. Rb1 Qd4+ 30. Kh1 Qd8 31. Rf1 Rc8 32. Rb7 Rc7 33. Rb4 a5
34. Rbb1 Rc8 35. Rb7 Rc7 36. Rb6 Rd1 37. Rb1 Rxf1+ 38. Rxf1 Rb7 39. c5 Rb2 40.
c6 Qd5 41. Nd7+ Ke7 42. Qxg7 Rf2 43. Qf8# {Isfen checkmated} 1-0

[Event "ICS rated blitz match"]
[Site "204.178.125.65"]
[Date "1999.09.12"]
[Round "?"]
[White "Hossa"]
[Black "Isfen"]
[Result "1-0"]
[WhiteElo "2452"]
[BlackElo "2234"]
[PlyCount "67"]
[EventDate "1999.??.??"]

1. e4 e6 2. d4 d6 3. Bd3 Be7 4. Ne2 a6 5. O-O Nd7 6. c3 c5 7. Be3 Ngf6 8. Nd2
Qc7 9. Rc1 b6 10. Nf3 Bb7 11. Ng3 h6 12. b4 c4 13. Bc2 O-O 14. a3 Ng4 15. Nd2
Nxe3 16. fxe3 Bg5 17. Qe2 b5 18. Nf3 Be7 19. a4 Nf6 20. Nd2 Rfe8 21. Qf3 Bf8
22. Ne2 Nh7 23. axb5 axb5 24. Qh5 Nf6 25. Qxb5 d5 26. Ba4 Bc8 27. Rxf6 Rxa4 28.
Qxe8 Ra2 29. Rf2 Rxd2 30. Rcf1 f6 31. Nf4 Bd7 32. Nxe6 Rxf2 33. Qxf8+ Kh7 34.
Qxg7# {Isfen checkmated} 1-0

[Event "ICS rated blitz match"]
[Site "204.178.125.65"]
[Date "1999.10.10"]
[Round "?"]
[White "Hossa"]
[Black "Isfen"]
[Result "1-0"]
[WhiteElo "2464"]
[BlackElo "2312"]
[PlyCount "59"]
[EventDate "1999.??.??"]

1. d4 d5 2. Nf3 e6 3. e3 Nf6 4. Bd3 Bd6 5. O-O Nbd7 6. c4 c6 7. b3 e5 8. Bf5 e4
9. Nfd2 O-O 10. Ba3 Bc7 11. Bxf8 Nxf8 12. Bxc8 Rxc8 13. a3 Ng6 14. Nc3 Qd7 15.
f3 Qe6 16. fxe4 dxe4 17. Qe2 h5 18. b4 Qe7 19. a4 Bxh2+ 20. Kh1 Ng4 21. Qe1 Re8
22. Ndxe4 Qxb4 23. Rb1 Qxc4 24. Rxb7 Qd5 25. Nxd5 cxd5 26. Rfxf7 Rxe4 27. Rxg7+
Kh8 28. Rxg6 Rxe3 29. Qxe3 Nxe3 30. Re6 {Isfen resigns} 1-0

[Event "ICS rated blitz match"]
[Site "204.178.125.65"]
[Date "1999.10.08"]
[Round "?"]
[White "Hossa"]
[Black "Isfen"]
[Result "1-0"]
[WhiteElo "2495"]
[BlackElo "2281"]
[PlyCount "101"]
[EventDate "1999.??.??"]

1. d4 Nf6 2. c4 e6 3. Nc3 Bb4 4. e3 Bxc3+ 5. bxc3 c5 6. Nf3 d6 7. Bd3 Nc6 8.
O-O e5 9. Ng5 h6 10. Ne4 O-O 11. Nxf6+ Qxf6 12. d5 Ne7 13. Ba3 b6 14. Qh5 Bf5
15. e4 Bg6 16. Qg4 Qg5 17. Qxg5 hxg5 18. Rab1 f6 19. Bc1 Nc8 20. Be3 Be8 21.
Rb2 Bd7 22. Rfb1 Ne7 23. Kf1 Bc8 24. Ke2 Ba6 25. Kd2 Ng6 26. a4 Ne7 27. Be2 Bb7
28. a5 Nc8 29. Kd3 Rf7 30. Bh5 Rc7 31. Bg4 Rb8 32. Be6+ Kf8 33. Rb3 Re7 34.
R1b2 Rxe6 35. dxe6 Ke7 36. f3 Kxe6 37. g3 Bc6 38. h3 Rb7 39. a6 Re7 40. Rd2 Re8
41. Rb1 Ne7 42. Rbd1 Ng6 43. Ke2 Rh8 44. Rxd6+ Kf7 45. Rxc6 Ne7 46. Rd7 Rxh3
47. Rcc7 Rxg3 48. Rxe7+ Kg6 49. Rxg7+ Kh5 50. Rh7+ Kg6 51. Rcg7# {
Isfen checkmated} 1-0

[Event "ICS rated blitz match"]
[Site "204.178.125.65"]
[Date "1999.08.29"]
[Round "?"]
[White "Hossa"]
[Black "Isfen"]
[Result "1-0"]
[WhiteElo "2466"]
[BlackElo "2225"]
[PlyCount "40"]
[EventDate "1999.??.??"]

1. c4 e6 2. d4 Nf6 3. Bg5 Bb4+ 4. Nc3 c5 5. d5 Qa5 6. Bxf6 gxf6 7. Qd3 d6 8. e4
f5 9. exf5 e5 10. Nge2 a6 11. a3 Bxc3+ 12. Nxc3 h5 13. Be2 Nd7 14. O-O Nf6 15.
f4 Nd7 16. Rae1 f6 17. Qg3 Kf8 18. Qg6 Qd8 19. Bxh5 Qe7 20. Ne4 20... exf4 {
Isfen resigns} 1-0

[Event "ICS rated blitz match"]
[Site "204.178.125.65"]
[Date "1999.08.29"]
[Round "?"]
[White "Hossa"]
[Black "Isfen"]
[Result "1-0"]
[WhiteElo "2430"]
[BlackElo "2262"]
[PlyCount "73"]
[EventDate "1999.??.??"]

1. c4 e6 2. d4 Nf6 3. Bg5 c5 4. d5 Qa5+ 5. Qd2 Qxd2+ 6. Nxd2 Be7 7. Bxf6 Bxf6
8. Ne4 Be7 9. e3 f5 10. Nc3 a6 11. Bd3 O-O 12. Nge2 Bf6 13. O-O d6 14. dxe6
Bxe6 15. Nf4 Bc8 16. Rfc1 Bxc3 17. Rxc3 Nc6 18. Rd1 Ne5 19. Bc2 Rd8 20. Nd5 g6
21. a3 b5 22. cxb5 axb5 23. Nc7 Rb8 24. Rxc5 b4 25. Rxe5 bxa3 26. bxa3 Rb2 27.
Ba4 dxe5 28. Rxd8+ Kf7 29. h4 Bb7 30. Rd7+ Kf6 31. Rxh7 f4 32. Bd7 g5 33. Ne8+
Kg6 34. Rg7+ Kh6 35. Bf5 gxh4 36. Rg6+ Kh5 37. Nf6# {Isfen checkmated} 1-0

[Event "ICS rated blitz match"]
[Site "204.178.125.65"]
[Date "1999.10.10"]
[Round "?"]
[White "Hossa"]
[Black "Isfen"]
[Result "1-0"]
[WhiteElo "2519"]
[BlackElo "2306"]
[PlyCount "38"]
[EventDate "1999.??.??"]

1. d4 d5 2. Nf3 e6 3. e3 Nf6 4. Bd3 c5 5. O-O Nc6 6. c4 Be7 7. Nc3 O-O 8. Re1
a6 9. b3 Qc7 10. Ba3 Rd8 11. Rc1 Qa5 12. Bb2 Nb4 13. Bb1 Qc7 14. Ne2 b6 15.
cxd5 exd5 16. dxc5 bxc5 17. Bxf6 Bxf6 18. a3 Nc6 19. Rxc5 19... Be6 {
Isfen resigns} 1-0

[Event "ICS rated blitz match"]
[Site "204.178.125.65"]
[Date "1999.08.29"]
[Round "?"]
[White "Hossa"]
[Black "Isfen"]
[Result "1-0"]
[WhiteElo "2474"]
[BlackElo "2246"]
[PlyCount "47"]
[EventDate "1999.??.??"]

1. c4 e5 2. Nc3 d6 3. e3 f5 4. d4 e4 5. Be2 c6 6. Nh3 Nf6 7. Nf4 a6 8. O-O Be7
9. Bh5+ g6 10. Nxg6 hxg6 11. Bxg6+ Kf8 12. Ne2 Nbd7 13. Bxf5 Kf7 14. f3 exf3
15. Rxf3 Nf8 16. Bxc8 Qxc8 17. e4 Ng6 18. Bg5 Kg7 19. Ng3 Qg4 20. Nf5+ Kf7 21.
Bxf6 Bxf6 22. Nh6+ Rxh6 23. Rxf6+ Kxf6 24. Qxg4 {Isfen resigns} 1-0

[Event "ICS rated blitz match"]
[Site "204.178.125.65"]
[Date "1999.09.28"]
[Round "?"]
[White "Hossa"]
[Black "Isfen"]
[Result "1-0"]
[WhiteElo "2442"]
[BlackElo "2230"]
[PlyCount "34"]
[EventDate "1999.??.??"]

1. e4 c5 2. Nf3 e6 3. d4 d5 4. exd5 exd5 5. Be2 Nc6 6. O-O Nf6 7. Re1 Be7 8.
dxc5 O-O 9. Be3 Ng4 10. Bd4 Nf6 11. Bxf6 Bxf6 12. c3 a5 13. Bb5 Bf5 14. Nd4 Bd7
15. Nc2 Bf5 16. Nd2 Qc7 17. Ne3 17... Bg6 {Isfen resigns} 1-0

[Event "ICS rated blitz match"]
[Site "204.178.125.65"]
[Date "1999.08.28"]
[Round "?"]
[White "Hossa"]
[Black "JAS"]
[Result "1-0"]
[WhiteElo "2493"]
[BlackElo "2461"]
[PlyCount "64"]
[EventDate "1999.??.??"]

1. e4 c5 2. Nf3 Nc6 3. Bc4 e6 4. Bb5 Nge7 5. d3 Nd4 6. Nxd4 cxd4 7. O-O a6 8.
Ba4 b5 9. Bb3 d5 10. f3 Bb7 11. Nd2 Ng6 12. a4 Bd6 13. exd5 Qh4 14. f4 exd5 15.
Re1+ Kd7 16. Nf3 Qf6 17. axb5 axb5 18. Rxa8 Rxa8 19. Ng5 h6 20. Qg4+ Kc7 21.
Ne6+ Kb6 22. f5 Re8 23. Bd2 fxe6 24. fxg6 Rf8 25. Qe2 Qh4 26. g3 Qh3 27. Bf4
Bxf4 28. Qxe6+ Qxe6 29. Rxe6+ Kc5 30. gxf4 Rxf4 31. Re7 Bc8 32. Rc7+ 32... Kd6
{JAS resigns} 1-0

[Event "ICS rated blitz match"]
[Site "204.178.125.65"]
[Date "1999.10.14"]
[Round "?"]
[White "Hossa"]
[Black "JSBach"]
[Result "1-0"]
[WhiteElo "2372"]
[BlackElo "1895"]
[PlyCount "127"]
[EventDate "1999.??.??"]

1. Nf3 d5 2. e3 Nc6 3. d4 Bg4 4. h3 Bd7 5. Bb5 a6 6. Be2 Rc8 7. O-O Nf6 8. Ne5
Nb4 9. c4 dxc4 10. Bxc4 e6 11. a3 Nbd5 12. Nxd7 Qxd7 13. b4 Bd6 14. Bd2 Qc6 15.
Bd3 O-O 16. Ra2 Qb6 17. Nc3 Nxc3 18. Bxc3 Nd5 19. Ba1 a5 20. bxa5 Qxa5 21. Qb1
Nc3 22. Bxh7+ Kh8 23. Bxc3 Qxc3 24. Be4 b6 25. Rc1 Qa5 26. Bc6 Qh5 27. Qe4 Rcd8
28. a4 Qg5 29. Rac2 Kg8 30. Rb1 Kh8 31. Rb5 Qh6 32. Rc3 f5 33. Qf3 Qh4 34. Qe2
Rb8 35. Rc2 Rg8 36. Bd7 Ra8 37. Rc4 Qh6 38. Bc6 Ra6 39. Qd2 Qh4 40. Rb3 Rd8 41.
Qe2 Qg5 42. Rb1 e5 43. dxe5 Bxe5 44. f4 Bxf4 45. exf4 Qh6 46. Bd7 Ra5 47. Qe7
Rda8 48. Be8 R5a7 49. Qf8+ Kh7 50. Qxf5+ g6 51. Qe6 Rb8 52. Rd1 c5 53. Rd6 Rg7
54. f5 Kh8 55. fxg6 Qg5 56. Bf7 Rf8 57. Rxb6 Qh5 58. Qe1 Rgxf7 59. gxf7 Rxf7
60. Rh4 Rh7 61. Rxh5 Rxh5 62. Qe8+ Kh7 63. Qe7+ Kg8 64. Rb8# {JSBach checkmated
} 1-0

[Event "ICS rated blitz match"]
[Site "204.178.125.65"]
[Date "1999.09.05"]
[Round "?"]
[White "Hossa"]
[Black "JUDAPRIEST"]
[Result "1-0"]
[WhiteElo "2519"]
[BlackElo "2049"]
[PlyCount "29"]
[EventDate "1999.??.??"]

1. d4 e5 2. dxe5 Nc6 3. Nf3 Qe7 4. e4 Nxe5 5. Nxe5 Qxe5 6. Bd3 c6 7. O-O Qc7 8.
Re1 d6 9. Nc3 Nf6 10. Bf4 Be7 11. e5 dxe5 12. Bxe5 Qd8 13. Bxf6 gxf6 14. Qh5
Be6 15. Rxe6 {JUDAPRIEST resigns} 1-0

[Event "ICS rated blitz match"]
[Site "204.178.125.65"]
[Date "1999.10.04"]
[Round "?"]
[White "Hossa"]
[Black "JUNIORE"]
[Result "1-0"]
[WhiteElo "2335"]
[BlackElo "2264"]
[PlyCount "75"]
[EventDate "1999.??.??"]

1. Nf3 Nf6 2. b3 g6 3. d4 Bg7 4. c4 d6 5. Nc3 Nbd7 6. e4 e5 7. Bd3 c6 8. O-O
O-O 9. Bg5 h6 10. Be3 Kh7 11. Qe2 a5 12. Rad1 Qe7 13. Qb2 Ng4 14. Bc2 Nxe3 15.
fxe3 f5 16. exf5 gxf5 17. a3 e4 18. Ne1 Nf6 19. Qc1 Rg8 20. Na4 Be6 21. Qd2 Bh8
22. Rc1 Rg6 23. Nc3 Rag8 24. Ne2 Nh5 25. Qxa5 Qg7 26. Rf2 d5 27. cxd5 cxd5 28.
Bd1 Rf8 29. Nf4 Nxf4 30. Rxf4 Rf7 31. Bh5 Rg4 32. Bxf7 Bxf7 33. Rxf5 Kg6 34.
Rf2 h5 35. Rc7 Qh6 36. Qb6+ Kg7 37. Rcxf7+ Kg8 38. Qd8+ {JUNIORE resigns} 1-0

[Event "ICS rated blitz match"]
[Site "204.178.125.65"]
[Date "1999.08.30"]
[Round "?"]
[White "Hossa"]
[Black "JenMan"]
[Result "1-0"]
[WhiteElo "2504"]
[BlackElo "2090"]
[PlyCount "34"]
[EventDate "1999.??.??"]

1. d4 d5 2. c4 e6 3. cxd5 exd5 4. Nc3 c6 5. Nf3 Bg4 6. Ne5 Bf5 7. Qb3 Qb6 8.
Qxb6 axb6 9. e4 dxe4 10. Bc4 Be6 11. Bxe6 fxe6 12. Nxe4 Nf6 13. Ng5 Bb4+ 14.
Ke2 Ke7 15. Kf3 Rf8 16. Rd1 h6 17. Ng6+ 17... Ke8 {JenMan resigns} 1-0

[Event "ICS rated blitz match"]
[Site "204.178.125.65"]
[Date "1999.08.29"]
[Round "?"]
[White "Hossa"]
[Black "JenMan"]
[Result "0-1"]
[WhiteElo "2476"]
[BlackElo "2063"]
[PlyCount "86"]
[EventDate "1999.??.??"]

1. e4 c5 2. Nf3 Nc6 3. Bc4 e6 4. Bb5 Nge7 5. d3 g6 6. Bg5 h6 7. Bf6 Rg8 8. O-O
Bg7 9. Bxg7 Rxg7 10. Qd2 Rh7 11. Bxc6 Nxc6 12. c4 Kf8 13. Nc3 Kg7 14. Rad1 e5
15. Nd5 d6 16. Qe3 Be6 17. b3 Qd7 18. Rde1 Rf8 19. Rb1 f5 20. Rbd1 f4 21. Qe2
g5 22. Rd2 Qd8 23. Nc3 g4 24. Ne1 Nd4 25. Qd1 Qh4 26. Ne2 Kh8 27. Nxd4 cxd4 28.
Qc1 Rg7 29. Qa3 Rg5 30. Qxd6 Re8 31. g3 Qh3 32. Ng2 Rh5 33. Nh4 f3 34. Qxe5+
Rxe5 35. Ng6+ Kg7 36. Nf4 Rh5 37. Nxh3 Rxh3 38. Re1 h5 39. b4 h4 40. gxh4 Rh8
41. a3 R8xh4 42. Kf1 Rxh2 43. b5 43... Rh1# {Hossa checkmated} 0-1

[Event "ICS rated blitz match"]
[Site "204.178.125.65"]
[Date "1999.09.03"]
[Round "?"]
[White "Hossa"]
[Black "JenMan"]
[Result "1-0"]
[WhiteElo "2587"]
[BlackElo "2070"]
[PlyCount "115"]
[EventDate "1999.??.??"]

1. e4 c5 2. Nf3 Nc6 3. d4 cxd4 4. Nxd4 g6 5. c4 Bg7 6. Be3 d6 7. Be2 Nf6 8. Nc3
O-O 9. O-O Bd7 10. Nxc6 Bxc6 11. f3 Nd7 12. Qd2 a5 13. Nd5 Bxd5 14. cxd5 Nc5
15. Rac1 Rc8 16. a3 a4 17. Qb4 b6 18. Bb5 Qc7 19. Bxa4 Qa7 20. Bc2 Rc7 21. Rfd1
Rfc8 22. Bb1 Qa5 23. Qxa5 bxa5 24. b4 axb4 25. axb4 Na4 26. Rxc7 Rxc7 27. Rc1
Rxc1+ 28. Bxc1 Bc3 29. b5 Bd4+ 30. Kf1 Nc3 31. Bd3 Kf8 32. Bd2 Na4 33. Bc2 Nb6
34. Ke2 Ke8 35. Kd3 Bc5 36. Bb3 Kd7 37. Bc3 Kc7 38. g4 Nc8 39. h4 Kb6 40. Kc4
Na7 41. Ba4 Bf2 42. h5 Bg3 43. Bd4+ Kb7 44. b6 Nc8 45. Bc6+ Kb8 46. hxg6 hxg6
47. Be8 f6 48. Bxg6 Be5 49. Be3 Bh2 50. Be8 Bg3 51. Bc6 Be1 52. Kb5 Bc3 53. b7
Na7+ 54. Ka6 Nxc6 55. dxc6 d5 56. Bb6 Be5 57. c7+ Bxc7 58. Ba7# {
JenMan checkmated} 1-0

[Event "ICS rated blitz match"]
[Site "204.178.125.65"]
[Date "1999.09.11"]
[Round "?"]
[White "Hossa"]
[Black "JenMan"]
[Result "1-0"]
[WhiteElo "2467"]
[BlackElo "2012"]
[PlyCount "45"]
[EventDate "1999.??.??"]

1. d4 d5 2. c4 e6 3. Nc3 c6 4. e4 dxe4 5. Nxe4 Bb4+ 6. Nc3 Nf6 7. Bg5 h6 8.
Bxf6 Qxf6 9. a3 Bxc3+ 10. bxc3 O-O 11. Bd3 Nd7 12. Ne2 e5 13. O-O Re8 14. Re1
e4 15. Ng3 e3 16. Rxe3 Rxe3 17. fxe3 Qg5 18. Qf3 Nf6 19. Ne4 Nxe4 20. Qxe4 g6
21. Qe8+ Kg7 22. Rf1 Bh3 23. Rxf7# {JenMan checkmated} 1-0

[Event "ICS rated blitz match"]
[Site "204.178.125.65"]
[Date "1999.10.14"]
[Round "?"]
[White "Hossa"]
[Black "Jfreile"]
[Result "0-1"]
[WhiteElo "2340"]
[BlackElo "2234"]
[PlyCount "91"]
[EventDate "1999.??.??"]

1. e4 c6 2. Nc3 d6 3. d4 Qc7 4. Nf3 e5 5. Bd3 Bg4 6. dxe5 dxe5 7. h3 Bh5 8. g4
Bg6 9. Nh4 Nd7 10. Nxg6 hxg6 11. Bd2 Ngf6 12. g5 Nh5 13. Qg4 Nc5 14. Be2 Ne6
15. Bc4 Nhf4 16. O-O-O Be7 17. h4 b5 18. Bb3 a5 19. Bxe6 Nxe6 20. h5 gxh5 21.
Rxh5 Rxh5 22. Qxh5 g6 23. Qh8+ Bf8 24. Be3 Rd8 25. Bd2 b4 26. Ne2 Qd6 27. f3 c5
28. Kb1 c4 29. Qh4 c3 30. bxc3 bxc3 31. Ka1 cxd2 32. Qg4 Qa3 33. Qg1 Bb4 34.
Qb6 Bc3+ 35. Kb1 Qb4+ 36. Qxb4 axb4 37. a3 Nd4 38. Nxd4 exd4 39. Ka2 Ra8 40.
Kb3 Rxa3+ 41. Kc4 Ra1 42. Rxd2 Bxd2 43. Kxd4 Bc3+ 44. Kc5 Ra2 45. Kd5 Rxc2 46.
Kc4 {Hossa resigns} 0-1

[Event "ICS rated blitz match"]
[Site "204.178.125.65"]
[Date "1999.09.08"]
[Round "?"]
[White "Hossa"]
[Black "JoaoG"]
[Result "1-0"]
[WhiteElo "2540"]
[BlackElo "2175"]
[PlyCount "97"]
[EventDate "1999.??.??"]

1. e4 d6 2. d4 Nf6 3. f3 c6 4. Bd3 Nbd7 5. Ne2 e5 6. O-O Be7 7. c3 O-O 8. Bg5
a6 9. Ng3 Re8 10. Nf5 Bf8 11. Nd2 b5 12. a4 Bb7 13. axb5 axb5 14. Rxa8 Qxa8 15.
f4 g6 16. Nxd6 Bxd6 17. fxe5 Bf8 18. Bxf6 Nxf6 19. Rxf6 Qa2 20. Qc2 Ra8 21. Nb3
Bg7 22. Rf1 Qa7 23. Qf2 Bc8 24. Na5 Qc7 25. Nxc6 Be6 26. Bxb5 Ra2 27. c4 h5 28.
Qc2 Ra8 29. b4 Kh7 30. Qe2 Bg4 31. Qe3 Bh6 32. Qd3 Ra2 33. Qg3 Re2 34. h3 Be6
35. Qf3 Rd2 36. d5 Qb6+ 37. Kh1 Qe3 38. Qxe3 Bxe3 39. dxe6 fxe6 40. Rf6 Bg5 41.
Rxe6 Re2 42. g3 Rxe4 43. c5 Re2 44. Bxe2 Be3 45. Rxg6 Bd2 46. Bd3 Be3 47. Nd8
Kh8 48. Nf7+ Kh7 49. Rg5# {JoaoG checkmated} 1-0

[Event "ICS rated blitz match"]
[Site "204.178.125.65"]
[Date "1999.09.12"]
[Round "?"]
[White "Hossa"]
[Black "Jonus"]
[Result "1-0"]
[WhiteElo "2483"]
[BlackElo "2209"]
[PlyCount "133"]
[EventDate "1999.??.??"]

1. d4 c6 2. e4 d5 3. Nd2 dxe4 4. Nxe4 Nd7 5. c3 Ngf6 6. Nxf6+ Nxf6 7. Bc4 e6 8.
Ne2 Bd6 9. Bg5 O-O 10. b3 b6 11. a4 Bb7 12. Bh4 h6 13. O-O Be7 14. Re1 Rc8 15.
a5 b5 16. a6 Ba8 17. Bd3 Nd5 18. Bxe7 Nxe7 19. Qc2 Qb6 20. Ra2 c5 21. Rd1 Rfd8
22. dxc5 Qxc5 23. Ra5 Bc6 24. Nd4 Rxd4 25. cxd4 Qxc2 26. Bxc2 Nd5 27. Bd3 b4
28. Rc5 Bd7 29. Rdc1 Nc3 30. f4 Kf8 31. h4 Ke7 32. g4 Kd6 33. Rxc8 Bxc8 34. Bc4
Bd7 35. Kf2 Bc6 36. f5 Bd7 37. h5 f6 38. fxe6 Bxe6 39. Bxe6 Kxe6 40. Ke3 Kd7
41. Kd3 Kd6 42. Kc4 Nd5 43. Re1 Nc7 44. Re2 Nxa6 45. Ra2 Nb8 46. Rxa7 Nc6 47.
Rxg7 f5 48. Rg6+ Kd7 49. g5 Ne7 50. gxh6 Nxg6 51. hxg6 Ke7 52. h7 Kf6 53. h8=Q+
Kxg6 54. Kxb4 f4 55. Qf8 f3 56. Qxf3 Kg5 57. Kb5 Kg6 58. Qf6+ Kxf6 59. d5 Ke5
60. Kc6 Kd4 61. d6 Kc3 62. d7 Kxb3 63. d8=Q Ka4 64. Qd3 Kb4 65. Kb6 Ka4 66. Kc5
Ka5 67. Qa3# {Jonus checkmated} 1-0

[Event "ICS rated blitz match"]
[Site "204.178.125.65"]
[Date "1999.10.19"]
[Round "?"]
[White "Hossa"]
[Black "JudgeTurpin"]
[Result "0-1"]
[WhiteElo "2467"]
[BlackElo "2639"]
[PlyCount "115"]
[EventDate "1999.??.??"]

1. d4 Nf6 2. c3 g6 3. Nd2 d5 4. c4 Bg7 5. cxd5 Qxd5 6. e3 O-O 7. Ngf3 Qa5 8.
Be2 c5 9. O-O cxd4 10. exd4 Qc7 11. Nc4 Nc6 12. Be3 Nd5 13. Rc1 Bf5 14. Qd2
Rae8 15. Bh6 f6 16. Bxg7 Kxg7 17. Bd1 Qf4 18. Ne3 Be4 19. Nxd5 Qxd2 20. Nxd2
Bxd5 21. Bb3 e6 22. Ba4 Rd8 23. Bxc6 Bxc6 24. Nb3 Bd5 25. Rc3 b6 26. Rd1 e5 27.
Nc1 Be6 28. Rcd3 Rxd4 29. Rxd4 exd4 30. Rxd4 Rc8 31. Rd1 f5 32. g3 Kf6 33. Kg2
Bf7 34. h4 Rc2 35. b3 g5 36. hxg5+ Kxg5 37. a4 a5 38. Rd7 Kf6 39. Rd1 Rc3 40.
f4 Bh5 41. Re1 Bg4 42. Rf1 Rc2+ 43. Kg1 Bh3 44. Re1 Rg2+ 45. Kh1 Rxg3 46. Rd1
Rc3 47. Rd6+ Ke7 48. Ne2 Bg4 49. Nxc3 Kxd6 50. Kh2 Bh5 51. Kg3 Bf7 52. Kh4 Bxb3
53. Kg5 Kc5 54. Kxf5 Kc4 55. Nb5 Bxa4 56. Nd6+ Kd5 57. Nf7 Bc2+ 58. Kf6 {
Hossa resigns} 0-1

[Event "ICS rated blitz match"]
[Site "204.178.125.65"]
[Date "1999.10.19"]
[Round "?"]
[White "Hossa"]
[Black "JudgeTurpin"]
[Result "0-1"]
[WhiteElo "2486"]
[BlackElo "2620"]
[PlyCount "194"]
[EventDate "1999.??.??"]

1. e4 e5 2. Nf3 Nf6 3. Nxe5 d6 4. Nf3 Nxe4 5. d4 d5 6. Bd3 Be7 7. O-O Nc6 8.
Re1 Bg4 9. c4 Nf6 10. cxd5 Nxd5 11. Nc3 O-O 12. Nxd5 Qxd5 13. Be4 Qd6 14. Bxc6
bxc6 15. Re4 Bxf3 16. Qxf3 f5 17. Qb3+ Kh8 18. Re6 Qd7 19. Qc4 c5 20. d5 Bf6
21. Qxc5 Rad8 22. Re1 Qxd5 23. Qxa7 Rfe8 24. Rxe8+ Rxe8 25. Be3 Bxb2 26. Rf1
Be5 27. Rb1 Qd3 28. Qb8 Qd7 29. Bc5 Qa4 30. a3 Kg8 31. Qb7 Rd8 32. Re1 Qc4 33.
Qb4 Qxb4 34. axb4 Bc3 35. Rb1 Kf7 36. Rc1 Ke6 37. Kf1 Be5 38. Re1 f4 39. f3 g6
40. Kf2 c6 41. Re2 Rd3 42. Rc2 Kd5 43. Ke2 Rb3 44. Kd2 Bb2 45. Bf8 Bd4 46. Be7
Be3+ 47. Kd1 h5 48. Re2 Rd3+ 49. Kc2 Kc4 50. h4 Rc3+ 51. Kb2 Kd3 52. Re1 Rc2+
53. Kb3 Rxg2 54. Ra1 Rg1 55. Ra6 Rb1+ 56. Ka2 Rc1 57. Kb2 Rc2+ 58. Kb1 Rc4 59.
Ka2 Bd4 60. Bg5 Ke3 61. Ra3+ Kf2 62. Bxf4 Rxb4 63. Ra6 Rb6 64. Ra8 Kxf3 65. Bc7
Rb7 66. Rf8+ Ke4 67. Rc8 Kd5 68. Bd8 Be5 69. Ra8 Rb2+ 70. Ka3 Rb1 71. Rc8 Bd6+
72. Ka2 Rb8 73. Rxb8 Bxb8 74. Kb3 c5 75. Bg5 Be5 76. Bd8 c4+ 77. Kc2 Ke6 78.
Bb6 Bf6 79. Bf2 Kf5 80. Kc1 Kg4 81. Kd2 Bxh4 82. Bd4 Kf5 83. Bg1 Ke4 84. Kc3
Kd5 85. Kc2 g5 86. Kd2 Bg3 87. Bb6 Bf4+ 88. Ke2 h4 89. Ba5 g4 90. Bc3 h3 91.
Kf1 g3 92. Bb4 g2+ 93. Ke2 g1=Q 94. Bd2 Qg2+ 95. Ke1 h2 96. Be3 h1=Q+ 97. Bg1
97... Qhxg1# {Hossa checkmated} 0-1

[Event "ICS rated blitz match"]
[Site "204.178.125.65"]
[Date "1999.09.07"]
[Round "?"]
[White "Hossa"]
[Black "JudgeTurpin"]
[Result "1-0"]
[WhiteElo "2451"]
[BlackElo "2662"]
[PlyCount "105"]
[EventDate "1999.??.??"]

1. c4 Nf6 2. g3 g6 3. Bg2 Bg7 4. e4 d6 5. Ne2 O-O 6. O-O c5 7. d3 Nc6 8. Nbc3
a6 9. Bg5 Ng4 10. f3 Nge5 11. Qd2 h6 12. Bxh6 Bxh6 13. Qxh6 Nxd3 14. b3 Bd7 15.
Rad1 Nde5 16. Rd2 Qa5 17. h3 Nd4 18. Nd5 Nxe2+ 19. Rxe2 Rfe8 20. f4 Ng4 21.
hxg4 Be6 22. Ne3 Qc3 23. f5 gxf5 24. gxf5 Qg7 25. Qxg7+ Kxg7 26. fxe6 f6 27.
Nf5+ Kg8 28. Bf3 Red8 29. Nxe7+ Kg7 30. Bh5 Rh8 31. Nf5+ Kg8 32. Bf7+ Kf8 33.
Bg6 Re8 34. Bxe8 Kxe8 35. Nxd6+ Ke7 36. Nxb7 Rg8 37. Nxc5 a5 38. Kg2 Rc8 39.
Rf5 Ke8 40. Rd2 Kf8 41. Rxf6+ Kg7 42. Rf7+ Kg6 43. Rdf2 Re8 44. Ra7 a4 45. Rxa4
Kg7 46. Ra7+ Kg6 47. e7 Rc8 48. Rf8 Re8 49. Rxe8 Kf6 50. Rd8 Kg6 51. e8=Q+ Kh6
52. Qh8+ Kg6 53. Rg8# {JudgeTurpin checkmated} 1-0